Statistics for Frozen 2 - Lost in the Woods lyrics

Click here to take the quiz!

General Stats

  • This quiz has been taken 187 times
  • The average score is 206 of 235

Answer Stats

Lyrics% Correct
a
99%
I
97%
lost
97%
the
97%
Who
97%
who
97%
in
96%
woods
96%
You
95%
you
95%
your
94%
am
93%
I'm
93%
on
92%
to
92%
is
91%
you're
91%
And
90%
and
90%
go
90%
if
90%
left
89%
of
89%
so
89%
Up
89%
up
89%
gone
88%
not
88%
right
88%
When
88%
when
88%
be
87%
mine
87%
North
87%
north
87%
path
87%
then
87%
it
86%
are
85%
down
85%
for
85%
now
85%
Now
85%
Again
84%
different
84%
my
84%
should
84%
south
84%
what
84%
Where
84%
but
83%
But
83%
know
83%
one
83%
guy?
82%
than
82%
always
81%
don't
81%
off
81%
there
81%
together
81%
we're
81%
with
81%
wondering
81%
Wondering
81%
follow
80%
forever?
80%
like
80%
'cause
79%
'Cause
79%
it's
79%
behind
78%
could
78%
feels
78%
had
78%
how
78%
this
78%
was
78%
tomorrow
77%
catch
76%
course
76%
only
76%
question
76%
apart?
75%
did
75%
I'll
75%
never
75%
thought
75%
whether
75%
chasing
74%
find
74%
growing
74%
heart?
74%
sign
74%
fine
73%
'til
73%
turn
73%
wait
73%
around
72%
become
72%
day
72%
night
72%
Oh
72%
probably
72%
still
72%
that
72%
true
72%
who's
72%
home
71%
care
70%
landmark
69%
next
66%
sees
66%
step
65%
Until
62%

Score Distribution

Percentile by Number Answered

Percent of People with Each Score

Your Score History

You have not taken this quiz